[Event "BL 0607 Hamburger SK - SV Wattenscheid"]
[Site "?"]
[Date "2007.02.24"]
[Round "10.6"]
[White "Reeh, Oliver"]
[Black "Handke, Florian"]
[Result "0-1"]
[BlackElo "2459"]
[EventDate "2007.??.??"]
[PlyCount "111"]
[WhiteElo "2445"]

1. d4 d5 2. c4 c6 3. Nf3 Nf6 4. e3 a6 5. Nc3 e6 6. Ne5 c5 7. cxd5 exd5 8. Be2 Bd6 9. O-O O-O 10. Bf3 Be6 11. Nd3 cxd4 12. exd4 Nc6 13. Be3 Bf5 14. g3 Be4 15. Na4 Re8 16. Ndc5 Bxc5 17. Nxc5 Bxf3 18. Qxf3 b6 19. Nd3 Re4 20. Ne5 Qe8 21. Nxc6 Qxc6 22. Rac1 Qe6 23. Rc7 Rc8 24. Rxc8+ Qxc8 25. Rc1 Qe6 26. Kg2 h5 27. h3 g6 28. Qd1 Ne8 29. Qc2 Nd6 30. b3 Kh7 31. Bf4 Nf5 32. Qc8 Nxd4 33. Rc7 Qxc8 34. Rxc8 Ne6 35. Bd6 Re2 36. Kf1 Rxa2 37. Be5 g5 38. g4 hxg4 39. hxg4 Ng7 40. Rd8 Rd2 41. Rd6 b5 42. Rxa6 Rd3 43. b4 Rb3 44. Ra7 Kg6 45. Bxg7 Kxg7 46. Rd7 Rxb4 47. Rxd5 f6 48. Rd7+ Kf8 49. Rb7 Ke8 50. Ke2 Rb3 51. f3 b4 52. Kf2 Rb1 53. Kg2 b3 54. Kh2 Kd8 55. Rf7 Rf1 56. Rb7  0-1

[Event "BL 0607 Hamburger SK - SV Wattenscheid"]
[Site "?"]
[Date "2007.02.24"]
[Round "10.7"]
[White "Dinstuhl, Volkmar Dr"]
[Black "Heinemann, Thies"]
[Result "1/2-1/2"]
[BlackElo "2453"]
[EventDate "2007.??.??"]
[PlyCount "102"]
[WhiteElo "2426"]

1. d4 Nf6 2. Nf3 e6 3. c4 Bb4+ 4. Nbd2 b6 5. a3 Bxd2+ 6. Bxd2 h6 7. g3 Bb7 8. Bg2 O-O 9. O-O d6 10. b4 Nbd7 11. Qc2 Be4 12. Qb2 Qb8 13. a4 a6 14. Ra3 Qb7 15. Rc1 Ra7 16. Bf1 Rb8 17. Ne1 a5 18. b5 e5 19. f3 Bg6 20. e4 exd4 21. Qxd4 Re8 22. Nd3 Nf8 23. Nf4 Bh7 24. Bh3 Qb8 25. Nd5 N6d7 26. Bc3 f6 27. Nf4 Qd8 28. Bb2 Kh8 29. Re3 Nc5 30. Qd1 Qe7 31. Qc2 Qf7 32. Rce1 Raa8 33. Bg4 Bg6 34. Nd5 Nfe6 35. h4 Bh7 36. Bf5 Nf8 37. Bd4 Nce6 38. Bb2 Nc5 39. Kg2 Ng6 40. Bd4 Ne6 41. Bb2 Nc5 42. f4 Rad8 43. Bd4 h5 44. Bxc5 dxc5 45. Qe2 Ne7 46. Bxh7 Nxd5 47. exd5 Rxe3 48. Qxe3 Kxh7 49. Qe7 Rd7 50. Qxf7 Rxf7 51. Re6 f5  1/2-1/2

[Event "BL 0607 Hamburger SK - SV Wattenscheid"]
[Site "?"]
[Date "2007.02.24"]
[Round "10.8"]
[White "Sebastian, Dirk"]
[Black "Straeter, Timo"]
[Result "1-0"]
[BlackElo "2345"]
[EventDate "2007.??.??"]
[PlyCount "57"]
[WhiteElo "2384"]

1. e4 e5 2. Nf3 d6 3. d4 Nf6 4. Nc3 exd4 5. Nxd4 Be7 6. g3 O-O 7. Bg2 c5 8. Nde2 Nc6 9. O-O Re8 10. h3 Bf8 11. g4 Rb8 12. a4 Nb4 13. Ng3 h6 14. f4 b6 15. Nb5 a6 16. Na3 Bb7 17. c3 Nc6 18. g5 hxg5 19. fxg5 Nd7 20. Rxf7 Kxf7 21. g6+ Kg8 22. Qd5+ Re6 23. Qxe6+ Kh8 24. Qg4 Nf6 25. Qh4+ Kg8 26. Bg5 Qc7 27. Nh5 Ne8 28. Nf4 Nf6 29. Nd5  1-0

[Event "BL 0607 Bindlach-Aktionär - Kreuzberg"]
[Site "?"]
[Date "2006.11.19"]
[Round "4"]
[White "Bischoff, Klaus"]
[Black "Löffler, Stefan"]
[Result "0-1"]
[BlackElo "2448"]
[BlackTeam "SC Kreuzberg"]
[EventDate "2006.??.??"]
[PlyCount "46"]
[SourceDate "2007.07.02"]
[WhiteElo "2533"]
[WhiteTeam "Bindlach-Aktionär"]

1. d4 d5 2. c4 c6 3. Nf3 Nf6 4. e3 a6 5. Nbd2 Bf5 6. b3 e6 7. Bb2 Nbd7 8. Be2 Bd6 9. O-O Ne4 10. c5 Bc7 11. b4 Qf6 12. Nxe4 dxe4 13. Nd2 Qh6 14. g3 Nf6 15. Re1 Rd8 16. Nc4 Qg6 17. Kg2 Ng4 18. Nd6+ Rxd6 19. cxd6 Bxd6 20. Rh1 h5 21. Qb3 h4 22. Rag1 hxg3 23. hxg3 Nh2  0-1

[Event "BL 0708 SV Wattenscheid - SV Mülheim No"]
[Site "?"]
[Date "2007.10.20"]
[Round "1.3"]
[White "Vachier-Lagrave, Maxime"]
[Black "Rustemov, Alexander"]
[Result "1-0"]
[BlackElo "2552"]
[EventDate "2007.??.??"]
[PlyCount "165"]
[WhiteElo "2595"]

1. e4 e6 2. d4 d5 3. Nd2 dxe4 4. Nxe4 Bd7 5. Nf3 Bc6 6. Bd3 Nd7 7. Qe2 Ngf6 8. Neg5 Qe7 9. O-O h6 10. Ne4 Nxe4 11. Bxe4 Bxe4 12. Qxe4 c6 13. Bf4 Nf6 14. Qe2 g6 15. c4 Bg7 16. Qe3 Rd8 17. Rad1 Nh5 18. Be5 O-O 19. Bxg7 Kxg7 20. d5 cxd5 21. cxd5 Nf6 22. dxe6 Qxe6 23. Qxe6 fxe6 24. Rc1 Nd5 25. Rfe1 Rd6 26. h4 Rf7 27. Rc4 Rc7 28. Rg4 Nf6 29. Rd4 Rcd7 30. Ra4 a6 31. Kh2 Rc7 32. Re2 Kf7 33. Ne5+ Kg7 34. Nf3 Kf7 35. Rb4 b5 36. Ne5+ Kg7 37. Rb3 Rd4 38. Nf3 Rd6 39. Rb4 Kf7 40. g3 Rc5 41. Kg2 Rdd5 42. Rb3 Nd7 43. Rbe3 Rd6 44. Nd2 Nf6 45. Nf3 Nd7 46. Re4 Kf6 47. Nh2 Ke7 48. Ng4 Nf6 49. Re5 Rc8 50. Nh2 Nd7 51. R5e3 Nf6 52. Nf3 Nd7 53. Ne1 Rc4 54. Nd3 g5 55. hxg5 hxg5 56. Ne1 g4 57. f4 gxf3+ 58. Nxf3 b4 59. Ng5 Nc5 60. Rf3 Rd5 61. Rf7+ Kd6 62. Rg7 Rcd4 63. Rg6 Rd2 64. Rxe6+ Nxe6 65. Ne4+ Ke5 66. Nxd2+ Kf5 67. Nf3 a5 68. Rc2 Ng5 69. Rd2 Rc5 70. Nxg5 Kxg5 71. Kf3 a4 72. Ke3 Kg4 73. Rd4+ Kxg3 74. Rxb4 a3 75. bxa3 Rc2 76. a4 Rxa2 77. Kd4 Kf4 78. Kc5+ Ke5 79. Kb6 Rh2 80. a5 Kd5 81. a6 Rh6+ 82. Kb5 Rh7 83. Ra4  1-0

[Event "BL 0708 Werder Bremen - Erfurter SK"]
[Site "?"]
[Date "2007.11.25"]
[Round "4.3"]
[White "Haba, Petr"]
[Black "Meier, Georg"]
[Result "0-1"]
[BlackElo "2558"]
[EventDate "2007.??.??"]
[PlyCount "74"]
[WhiteElo "2525"]

1. d4 Nf6 2. c4 e6 3. g3 d5 4. Bg2 Bb4+ 5. Nd2 O-O 6. Qc2 b6 7. Nf3 Bb7 8. O-O Nbd7 9. Rd1 Rc8 10. cxd5 exd5 11. Nf1 Re8 12. Bg5 h6 13. Bxf6 Nxf6 14. Bh3 Ra8 15. Ne5 Bd6 16. f4 c5 17. e3 Qe7 18. Rac1 Rad8 19. Qa4 Qc7 20. Nd2 a6 21. Qc2 Qe7 22. Bf5 g6 23. Bh3 Kg7 24. Ndf3 Ne4 25. Nh4 Kh7 26. Rf1 Rg8 27. Qb3 Nd2 28. Qxb6 Nxf1 29. Kxf1 Rb8 30. Qa5 Bc8 31. Bxc8 Rgxc8 32. Qxa6 Bxe5 33. dxe5 Ra8 34. Qd3 Rxa2 35. Rc2 Qb7 36. Kg2 c4 37. Qd4 c3  0-1

[Event "BL 0708 SC Remagen - SK Zehlendorf"]
[Site "?"]
[Date "2007.12.09"]
[Round "6.8"]
[White "Swinkels, Robin"]
[Black "Berger, Steve"]
[Result "1-0"]
[BlackElo "2410"]
[EventDate "2007.??.??"]
[PlyCount "119"]
[WhiteElo "2433"]

1. e4 e6 2. d4 d5 3. Nc3 Bb4 4. e5 c5 5. a3 Bxc3+ 6. bxc3 Ne7 7. Qg4 O-O 8. Bd3 f5 9. exf6 Rxf6 10. Bg5 Rf7 11. Qh5 g6 12. Qd1 Nbc6 13. Nf3 Qf8 14. O-O c4 15. Be2 h6 16. Bc1 Qg7 17. a4 g5 18. h3 Ng6 19. Nh2 Bd7 20. Bh5 Kh7 21. Re1 Raf8 22. Ba3 Rg8 23. Bd6 Rf6 24. Ng4 Rf5 25. Bxg6+ Qxg6 26. Ne5 Nxe5 27. Bxe5 g4 28. hxg4 h5 29. g3 hxg4 30. Kg2 Rh5 31. Qe2 Qf5 32. Rh1 Rg5 33. a5 Rxh1 34. Rxh1+ Rh5 35. Rxh5+ Qxh5 36. Qd1 Be8 37. Qb1 Qf7 38. Bf4 Kg6 39. Qb4 Kh7 40. Kg1 Qd7 41. Qf8 Qf7 42. Qh6+ Kg8 43. Be5 Qg6 44. Qh4 Qh5 45. Qd8 a6 46. Qb8 Qf7 47. Bc7 Qg6 48. Be5 Qf7 49. Qd8 Kh7 50. Qh4+ Qh5 51. Qf6 Qf7 52. Qh8+ Kg6 53. Bf4 Kf5 54. Kg2 Ba4 55. Qe5+ Kg6 56. Qg5+ Kh7 57. Qh6+ Kg8 58. Be5 Qf3+ 59. Kg1 Kf7 60. Qg7+  1-0

[Event "BL 0708 Godesberger SK - SC Remagen"]
[Site "?"]
[Date "2008.02.08"]
[Round "7.5"]
[White "Degraeve, Jean-Marc"]
[Black "Jenni, Florian"]
[Result "1-0"]
[BlackElo "2511"]
[EventDate "2008.??.??"]
[PlyCount "105"]
[WhiteElo "2546"]

1. e4 e5 2. Nf3 Nc6 3. Bc4 Bc5 4. c3 Nf6 5. d3 d6 6. Nbd2 O-O 7. O-O Bb6 8. a4 h6 9. Bb3 Re8 10. Re1 a6 11. Nc4 Ba7 12. Be3 Bxe3 13. Nxe3 Be6 14. a5 Rb8 15. Ba4 Bd7 16. Bc2 Ne7 17. d4 Ng6 18. dxe5 dxe5 19. g3 Bc6 20. Qxd8 Rbxd8 21. Nf1 Nf8 22. N3d2 Bb5 23. Ba4 Ne6 24. f3 Re7 25. Bc2 Red7 26. Rad1 Nc5 27. Nb1 Bd3 28. Bxd3 Nxd3 29. Re2 Nh7 30. Red2 b5 31. axb6 cxb6 32. Ne3 Ng5 33. Rf1 Nh3+ 34. Kh1 Ndf2+ 35. Rdxf2 Nxf2+ 36. Rxf2 Rd1+ 37. Rf1 Rxf1+ 38. Nxf1 Rd1 39. Nd2 Rc1 40. c4 Re1 41. Kg1 Re2 42. b4 Kf8 43. b5 a5 44. c5 Ke7 45. cxb6 Kd8 46. Nc4 a4 47. Nfe3 Re1+ 48. Kg2 Rb1 49. Nd6 Rb2+ 50. Kh3 Kd7 51. b7 Kc7 52. Nd5+ Kb8 53. Ne7  1-0

[Event "BL 0708 SV Wattenscheid - SG Turm Trier"]
[Site "?"]
[Date "2008.02.09"]
[Round "8.8"]
[White "Straeter, Timo"]
[Black "Cioara, Andrei Nestor"]
[Result "1/2-1/2"]
[BlackElo "2428"]
[EventDate "2008.??.??"]
[PlyCount "86"]
[WhiteElo "2325"]

1. d4 e6 2. c4 Nf6 3. Nc3 Bb4 4. e3 b6 5. Ne2 Ne4 6. f3 Nxc3 7. bxc3 Be7 8. e4 d6 9. Ng3 e5 10. f4 exf4 11. Bxf4 Bg5 12. Qd2 h6 13. Bd3 Bxf4 14. Qxf4 Qg5 15. Qf2 O-O 16. O-O Nc6 17. Rae1 Bd7 18. Re3 Rae8 19. Rf3 Nd8 20. Nf5 Bxf5 21. Rxf5 Qe7 22. Qg3 Ne6 23. h4 c5 24. e5 dxe5 25. Rxe5 cxd4 26. Qg4 dxc3 27. Qe4 g6 28. h5 f5 29. Qe3 Qg5 30. Qe1 Ng7 31. hxg6 Qxg6 32. Qxc3 Qg3 33. Rfe1 Rxe5 34. Rxe5 Rd8 35. Rd5 Qe3+ 36. Kh1 Re8 37. Qd4 Qg3 38. Kg1 Qe1+ 39. Kh2 Qd1 40. Rd7 Qh5+ 41. Kg1 Qd1+ 42. Kh2 Qh5+ 43. Kg1 Qd1+  1/2-1/2

[Event "BL 0708 SV Mülheim Nord - Bindl-Aktionä"]
[Site "?"]
[Date "2008.02.10"]
[Round "9.7"]
[White "Markos, Jan"]
[Black "Saltaev, Mihail"]
[Result "1-0"]
[BlackElo "2511"]
[EventDate "2008.??.??"]
[PlyCount "71"]
[WhiteElo "2565"]

1. d4 d5 2. c4 c6 3. Nc3 Nf6 4. e3 a6 5. Nf3 b5 6. c5 g6 7. Bd3 Bf5 8. Bxf5 gxf5 9. Ne5 Rg8 10. O-O e6 11. f3 Qc7 12. Nd3 Bh6 13. a4 Ra7 14. Bd2 Rb7 15. axb5 axb5 16. Qe2 Ra7 17. Na2 Na6 18. Nac1 Nb8 19. Nb3 Nfd7 20. Ba5 Qc8 21. e4 fxe4 22. fxe4 dxe4 23. Qxe4 Rg6 24. Qf3 f6 25. Bd2 Rxa1 26. Rxa1 Qc7 27. Qh3 Bxd2 28. Qxe6+ Kd8 29. Nxd2 Nf8 30. Qe3 Qf7 31. Ne4 Qe7 32. Qf4 Qc7 33. Ra8 Nd7 34. Nd6 Rg7 35. Qe3 Re7 36. Qg3  1-0

[Event "BL 0708 Werder Bremen - SV Wattenscheid"]
[Site "?"]
[Date "2008.03.08"]
[Round "10.8"]
[White "Fish, Gennadij"]
[Black "Straeter, Timo"]
[Result "1-0"]
[BlackElo "2325"]
[EventDate "2008.??.??"]
[PlyCount "39"]
[WhiteElo "2546"]

{ H-H } 1. d4 f5 2. c4 Nf6 3. g3 e6 4. Bg2 Bb4+ 5. Nd2 O-O 6. Nf3 Nc6 7. O-O Bxd2 8. Bxd2 a5 9. d5 Ne7 10. dxe6 dxe6 11. Bf4 Bd7 12. Ne5 Nc6 13. Qb3 Nxe5 14. Bxe5 Ng4 15. Bc3 Bc6 16. Bxc6 bxc6 17. Qb7 Qd6 18. Rad1 Qc5 19. Rd7 Ne5 20. Rxc7  1-0

[Event "BL 0708 SC Kreuzberg - Erfurter SK"]
[Site "?"]
[Date "2008.03.09"]
[Round "11.3"]
[White "Haba, Petr"]
[Black "Tischbierek, Raj"]
[Result "1-0"]
[BlackElo "2487"]
[EventDate "2008.??.??"]
[PlyCount "93"]
[WhiteElo "2525"]

1. d4 Nf6 2. c4 e6 3. g3 d5 4. Bg2 Bb4+ 5. Nd2 O-O 6. Nf3 dxc4 7. Qc2 c5 8. dxc5 Nc6 9. O-O Qe7 10. Nxc4 Bxc5 11. Bf4 Nb4 12. Qb1 a5 13. a3 Nc6 14. Qc2 Nd5 15. Bd2 Bd7 16. e4 Nb6 17. e5 Nxc4 18. Qxc4 Bb6 19. Qg4 Kh8 20. Bc3 a4 21. Rac1 Ba5 22. Rfd1 Bxc3 23. Rxc3 Ra5 24. Qg5 Qxg5 25. Nxg5 Nb8 26. Rc7 h6 27. Ne4 Bc6 28. Nd6 Kg8 29. Bxc6 bxc6 30. f4 Rc5 31. Rd2 Na6 32. Ra7 Rc1+ 33. Kg2 Nc5 34. Kh3 g5 35. Rd4 gxf4 36. gxf4 Kg7 37. Rd2 Rg1 38. Rc7 Kg6 39. Rxc6 Nb3 40. Rd3 Nc1 41. Rg3+ Rxg3+ 42. hxg3 Nd3 43. Rb6 Ra8 44. Kg4 f6 45. exf6 Kxf6 46. Ne4+ Kf7 47. Kh5  1-0

[Event "BL 0708 SG Turm Trier - SC Eppingen"]
[Site "?"]
[Date "2008.03.09"]
[Round "11.7"]
[White "Guliyev, Namig"]
[Black "Seger, Ruediger"]
[Result "1-0"]
[BlackElo "2395"]
[EventDate "2008.??.??"]
[PlyCount "93"]
[WhiteElo "2560"]

1. e4 c6 2. d3 d5 3. Nd2 e5 4. Ngf3 Bd6 5. d4 exd4 6. exd5 cxd5 7. Bb5+ Nc6 8. Nxd4 Ne7 9. O-O O-O 10. N2b3 a6 11. Be2 Qc7 12. h3 Nf5 13. c3 Rd8 14. Bg5 Re8 15. Bf3 h6 16. Bc1 Rd8 17. Nxf5 Bxf5 18. Be3 Bf8 19. Nd4 Bg6 20. Bh5 Be4 21. Re1 Ne5 22. Qe2 Nd3 23. Red1 Nf4 24. Bxf4 Qxf4 25. g3 Qf6 26. Bf3 Re8 27. Bxe4 Rxe4 28. Qh5 Rd8 29. Rd2 Bc5 30. Nb3 g6 31. Qd1 Bb6 32. Kg2 h5 33. Qf3 Qe5 34. h4 Rd6 35. Rf1 f5 36. Nc1 Qe6 37. Ne2 Rd8 38. Nf4 Qf7 39. Nh3 Qe7 40. Rfd1 Qc5 41. Nf4 Kf7 42. Nxd5 Rde8 43. Nf4 R8e7 44. Rd5 Qc8 45. Rd6 Bc7 46. Rxg6 Bxf4 47. Qxh5  1-0

[Event "BL 0708 TV Tegernsee - Godesberger SK"]
[Site "?"]
[Date "2008.04.20"]
[Round "15.4"]
[White "Teske, Henrik"]
[Black "Kveinys, Aloyzas"]
[Result "1/2-1/2"]
[BlackElo "2517"]
[EventDate "2008.??.??"]
[PlyCount "57"]
[WhiteElo "2518"]

1. d4 Nf6 2. c4 e6 3. Nc3 Bb4 4. e3 O-O 5. Bd3 c5 6. Ne2 d5 7. O-O cxd4 8. exd4 dxc4 9. Bxc4 Nbd7 10. Bg5 Be7 11. Rc1 Nb6 12. Bb3 Bd7 13. Qd3 Bc6 14. Rfe1  { (  =  )}  14... Nbd5 15. Nf4 Nxc3 16. bxc3 Nd5 17. Bxe7 Nxf4 18. Qg3 Qxe7 19. Qxf4 Rad8 20. Re5 Qf6 21. Qe3 h6 22. Re1 Qg6 23. g3 Rd6 24. h4 Rfd8 25. Kh2  { (  =  )}  25... b6 26. Qe2 Qf6 27. f4 Bd5 28. Qd3 Bxb3 29. axb3  1/2-1/2

[Event "BL 0809 Hamburger SK - TV Tegernsee"]
[Site "?"]
[Date "2008.10.04"]
[Round "1.2"]
[White "Baramidze, David"]
[Black "Khenkin, Igor"]
[Result "1/2-1/2"]
[BlackElo "2655"]
[EventDate "2008.??.??"]
[PlyCount "40"]
[WhiteElo "2593"]

1. e4 c6 2. d4 d5 3. Nc3 dxe4 4. Nxe4 Bf5 5. Ng3 Bg6 6. h4 h6 7. Nf3 Nd7 8. h5 Bh7 9. Bd3 Bxd3 10. Qxd3 e6 11. Bf4 Qa5+ 12. Bd2 Bb4 13. c3 Be7 14. c4 Qc7 15. d5 cxd5 16. cxd5 Qd6 17. Qb5 Nf6 18. dxe6 Qxe6+ 19. Kf1 O-O 20. Re1 Qd5  1/2-1/2

[Event "BL 0809 Schachfr. Berlin - Bayern Mümch"]
[Site "?"]
[Date "2008.10.04"]
[Round "1.7"]
[White "Deglmann, Ludwig"]
[Black "Abel, Dennes"]
[Result "1/2-1/2"]
[BlackElo "2322"]
[EventDate "2008.??.??"]
[PlyCount "136"]
[WhiteElo "2336"]

1. e4 e5 2. Nf3 Nc6 3. Nc3 Nf6 4. g3 g6 5. Bg2 Bg7 6. O-O O-O 7. d3 d5 8. exd5 Nxd5 9. Nd2 Nde7 10. Nc4 Be6 11. Be3 Qd7 12. Ne4 b6 13. Bh6 f6 14. Bxg7 Kxg7 15. a4 Rad8 16. Ned2 Nd4 17. Re1 Rfe8 18. c3 Ndf5 19. Bf1 Bd5 20. Ne3 Bb7 21. Ndc4 Nxe3 22. fxe3 c5 23. e4 Ba6 24. b3 Nc6 25. Qf3 Qe6 26. Rab1 Na5 27. Nxa5 bxa5 28. Qe3 Qd6 29. Rb2 Re7 30. h4 Bc8 31. h5 gxh5 32. Rd2 Be6 33. Be2 Bxb3 34. Bxh5 Kh8 35. Kh2 Red7 36. Rf1 Qf8 37. Bg4 Rg7 38. Bh3 Bxa4 39. Rdf2 Rg6 40. Rd2 Rg7 41. Rdf2 Rg6 42. Ra1 Bd7 43. Bxd7 Rxd7 44. Rxa5 Qd8 45. Rxc5 Rxd3 46. Rc8 Rxe3 47. Rxd8+ Kg7 48. Rd7+ Kh6 49. Rxa7 Rxc3 50. Rf7 Rcxg3 51. R7xf6 Rg4 52. R6f3 Rh4+ 53. Rh3 Rg4 54. Rf6+ Kg7 55. Re6 Rxh3+ 56. Kxh3 Rxe4 57. Kg3 Kf7 58. Rh6 Kg7 59. Re6 Kf7 60. Rh6 Rf4 61. Rxh7+ Ke6 62. Ra7 Rf8 63. Kg4 Rc8 64. Kf3 Rc3+ 65. Ke4 Rc4+ 66. Ke3 Rh4 67. Ra8 Kf5 68. Rf8+ Ke6  1/2-1/2

[Event "BL 0809 TV Tegernsee - Schachfr. Berlin"]
[Site "?"]
[Date "2008.10.05"]
[Round "2.7"]
[White "Rudolf, Henrik"]
[Black "Hertneck, Gerald"]
[Result "0-1"]
[BlackElo "2519"]
[EventDate "2008.??.??"]
[PlyCount "80"]
[WhiteElo "2368"]

1. e4 e6 2. d4 d5 3. Nc3 Nc6 4. Bb5 Bb4 5. Ne2 dxe4 6. a3 Bxc3+ 7. Nxc3 Ne7 8. Nxe4 O-O 9. c3 e5 10. Bxc6 Nxc6 11. d5 Ne7 12. c4 b5 13. b3 bxc4 14. bxc4 f5 15. Nc3 f4 16. Ra2 Qd6 17. Ne4 Qa6 18. Qd3 Bf5 19. O-O Rad8 20. Rd2 f3 21. Qxf3 Qxc4 22. Ng3 Rxd5 23. Rxd5 Qxd5 24. Qe3 c5 25. Bb2 Nc6 26. Re1 Bd3 27. Bxe5 Qxe5 28. Qxe5 Nxe5 29. Rxe5 Rb8 30. h4 c4 31. Ne4 h6 32. Nc5 Rb1+ 33. Kh2 Ra1 34. a4 Bc2 35. Re7 Bd1 36. Ne6 c3 37. h5 c2 38. Rxg7+ Kh8 39. g4 c1=Q 40. Rf7 Qc8  0-1

[Event "BL 0809 SC Kreuzberg - Werder Bremen"]
[Site "?"]
[Date "2008.10.05"]
[Round "2.8"]
[White "Tischbierek, Raj"]
[Black "Knaak, Rainer"]
[Result "0-1"]
[BlackElo "2477"]
[EventDate "2008.??.??"]
[PlyCount "60"]
[WhiteElo "2459"]

1. e4 Nc6 2. Nc3 e6 3. d4 Bb4 4. Nf3 d6 5. Bb5 Bd7 6. O-O Nge7 7. Ne2 O-O 8. Ng3 Ne5 9. a4 Nxf3+ 10. Qxf3 c6 11. Bd3 e5 12. c3 Ba5 13. Qh5 Be6 14. f4 f6 15. Be3 Bb6 16. Qe2 exd4 17. cxd4 f5 18. Bf2 Qd7 19. a5 Bc7 20. exf5 Nxf5 21. Ne4 Rae8 22. Qc2 g6 23. a6 b6 24. Rac1 d5 25. Qxc6 Qxc6 26. Rxc6 dxe4 27. Bxe4 Bxf4 28. Rxe6 Rxe6 29. Bd5 Re8 30. g3 Be3  0-1

[Event "BL 0809 Solinger SG - Turm Emsdetten"]
[Site "?"]
[Date "2008.10.25"]
[Round "3.1"]
[White "Feygin, Michael"]
[Black "Stellwagen, Daniel"]
[Result "1-0"]
[BlackElo "2605"]
[EventDate "2008.??.??"]
[PlyCount "82"]
[WhiteElo "2569"]

1. e4 c5 2. Nf3 e6 3. d4 cxd4 4. Nxd4 a6 5. Be3 Nf6 6. Nc3 d6 7. g4 h6 8. f3 b5 9. Qd2 Bb7 10. O-O-O Nfd7 11. Qf2 Qc7 12. h4 Ne5 13. Kb1 Nbd7 14. Rg1 Rc8 15. g5 hxg5 16. hxg5 b4 17. Na4 g6 18. b3 Nc5 19. Nb2 Bg7 20. Bb5+ Ke7 21. Bd3 d5 22. exd5 Bxd5 23. f4 Nexd3 24. cxd3 Qd6 25. Qe1 Rh2 26. Rd2 Rxd2 27. Qxd2 Nd7 28. Re1 Kf8 29. Nc4 Qb8 30. Rc1 Kg8 31. Nc2 Bc3 32. Qf2 e5 33. f5 e4 34. Bf4 Qa8 35. fxg6 exd3 36. gxf7+ Bxf7 37. N2e3 Bg6 38. Nd2 Nc5 39. Ng4 Ne4 40. Nxe4 d2 41. Nf6+ Bxf6  1-0

[Event "BL 0809 SV Mülheim Nord - SG Turm Trier"]
[Site "?"]
[Date "2008.10.26"]
[Round "4.1"]
[White "Parligras, Mircea"]
[Black "Landa, Konstantin"]
[Result "0-1"]
[BlackElo "2613"]
[EventDate "2008.??.??"]
[PlyCount "116"]
[WhiteElo "2611"]

1. e4 e5 2. Nf3 Nf6 3. d4 Nxe4 4. Bd3 d5 5. dxe5 Nc5 6. Nc3 c6 7. O-O Be7 8. Nd4 Nxd3 9. Qxd3 O-O 10. Bf4 Na6 11. Nf5 Nc5 12. Nxe7+ Qxe7 13. Qd2 Bf5 14. Rad1 Ne6 15. Bg3 d4 16. Ne2 Rfd8 17. Nf4 c5 18. b3 b5 19. c4 bxc4 20. bxc4 Nxf4 21. Bxf4 Qe6 22. Rc1 Rab8 23. Qa5 Qb6 24. Qa3 Rb7 25. h4 h5 26. Qf3 Qg6 27. Rfe1 Rdd7 28. Qa3 Qg4 29. Bd2 Rbc7 30. Bg5 d3 31. f3 Qd4+ 32. Be3 Qxe5 33. Rcd1 Kh7 34. Bf2 Qd6 35. Qc3 f6 36. Qd2 Bg6 37. Rb1 Qa6 38. Rb5 Qa4 39. Rc1 Re7 40. Be3 Re6 41. Ra5 Qe8 42. Re1 Rce7 43. Kf2 Qb8 44. g3 Rb7 45. Bf4 Rb2 46. Bxb8 Rxd2+ 47. Kf1 Rb6 48. Bxa7 Rbb2 49. Bxc5 Rh2 50. Be3 Bf7 51. Rd1 Kg6 52. Bg1 Rh3 53. c5 Bd5 54. Rxd3 Bc4 55. Ra3 Rh1 56. c6 Bxd3+ 57. Rxd3 Rb1+ 58. Ke2 Rhxg1  0-1

[Event "BL 0809 Turm Emsdetten - SV Wattenschei"]
[Site "?"]
[Date "2008.10.26"]
[Round "4.6"]
[White "Kabatianski, Alexandr"]
[Black "Appel, Ralf"]
[Result "0-1"]
[BlackElo "2541"]
[EventDate "2008.??.??"]
[PlyCount "142"]
[WhiteElo "2436"]

1. d4 Nf6 2. c4 d6 3. Nc3 e5 4. Nf3 Nbd7 5. g3 c6 6. Bg2 Be7 7. O-O O-O 8. Qc2 Re8 9. b3 Bf8 10. Rd1 a6 11. e4 Qc7 12. Bb2 b5 13. cxb5 cxb5 14. Rac1 Bb7 15. Qe2 Qa5 16. d5 g6 17. Nd2 Rec8 18. a3 Qd8 19. Rc2 Bh6 20. Rdc1 Nc5 21. Ncb1 Ncd7 22. Bh3 Rxc2 23. Rxc2 Nb6 24. Bc3 a5 25. Bf1 Bc8 26. Qd1 Bd7 27. Bd3 Nh5 28. Qe2 Qe8 29. b4 Na4 30. Nb3 Nxc3 31. Nxc3 axb4 32. axb4 Ra3 33. Nd2 Ra1+ 34. Ndb1 Qd8 35. Ra2 Rxa2 36. Qxa2 Qg5 37. Bxb5 Qc1+ 38. Kg2 Bxb5 39. Nxb5 Qd1 40. N5c3 Qg4 41. Qc2 Nf4+ 42. Kf1 Qh3+ 43. Ke1 Ng2+ 44. Kd1 Qxh2 45. Qe2 Qh1+ 46. Kc2 Ne1+ 47. Kb3 Nf3 48. Ka4 Nd4 49. Qc4 Qc1 50. Ka5 Bg5 51. Qc7 Qc2 52. Qxd6 Nb3+ 53. Ka6 Qxf2 54. Kb7 Qd4 55. b5 Na5+ 56. Ka6 Nc4 57. Qb8+ Kg7 58. Na4 Qa1 59. Nc3 Nb2 60. b6 Nxa4 61. Nxa4 Qxa4+ 62. Kb7 Qxe4 63. Qd6 Be3 64. Kc7 Qc4+ 65. Qc6 Qxc6+ 66. dxc6 e4 67. Kb7 Bxb6 68. Kxb6 e3 69. c7 e2 70. c8=Q e1=Q 71. Qg4 Qe6+  0-1

[Event "BL 0809 Solinger SG - TV Tegernsee"]
[Site "?"]
[Date "2008.11.30"]
[Round "6.8"]
[White "Gabriel, Christian"]
[Black "Hertneck, Gerald"]
[Result "1/2-1/2"]
[BlackElo "2519"]
[EventDate "2008.??.??"]
[PlyCount "91"]
[WhiteElo "2509"]

1. d4 Nf6 2. c4 e6 3. Nc3 Bb4 4. e3 b6 5. Ne2 Bb7 6. a3 Be7 7. d5 O-O 8. Ng3 d6 9. e4 c5 10. Be2 Re8 11. O-O Nbd7 12. dxe6 fxe6 13. f4 Nf8 14. f5 Qd7 15. Bg5 Rad8 16. Qd2 h6 17. Bxf6 Bxf6 18. Bh5 Re7 19. fxe6 Qxe6 20. Nf5 Red7 21. Nd5 Bxd5 22. exd5 Qe5 23. Rae1 Qxb2 24. Qxb2 Bxb2 25. Be8 Be5 26. Bxd7 Rxd7 27. g3 Ng6 28. a4 Nh8 29. Nh4 g6 30. Re4 Kg7 31. Ng2 g5 32. Ne3 Nf7 33. Kg2 Kg6 34. Nf5 h5 35. h3 Nd8 36. Ne3 Nf7 37. Rf2 Rb7 38. Nc2 a6 39. Na3 Nh6 40. Rf8 Nf5 41. g4 hxg4 42. hxg4 Nd4 43. Re1 Rh7 44. Rh1 Re7 45. Rf2 Bf4 46. Nc2  1/2-1/2

[Event "BL 0809 Turm Emsdetten - TV Tegernsee"]
[Site "Tegernsee GER"]
[Date "2008.12.14"]
[Round "9"]
[White "Zumsande, Martin"]
[Black "Stangl, Markus"]
[Result "1/2-1/2"]
[BlackElo "2458"]
[EventCountry "GER"]
[EventDate "2008.10.03"]
[EventRounds "15"]
[EventType "team"]
[PlyCount "93"]
[Source "Mark Crowther"]
[SourceDate "2008.12.15"]
[WhiteElo "2411"]
[WhiteTeamCountry "TRI"]

1. e4 c5 2. c3 e6 3. d4 d5 4. exd5 exd5 5. Nf3 Nc6 6. Bb5 Bd6 7. O-O Ne7 8. dxc5 Bxc5 9. Nbd2 O-O 10. Nb3 Bb6 11. Bd3 Bf5 12. Re1 Qd7 13. Be3 Bxe3 14. Rxe3 Rad8 15. Qd2 Qc7 16. Rae1 Bxd3 17. Qxd3 Ng6 18. g3 Qc8 19. Nbd4 Rd6 20. Qf5 Qxf5 21. Nxf5 Re6 22. Rd1 Nge7 23. Nxe7+ Nxe7 24. Red3 Rc8 25. Kf1 h6 26. Ne1 Ra6 27. a3 Rb6 28. R1d2 Rd6 29. Ng2 b5 30. Ne3 Rcd8 31. Ke2 f6 32. f4 f5 33. Kf3 g6 34. Nc2 Nc6 35. Nd4 Nxd4+ 36. Rxd4 Kf7 37. a4 bxa4 38. Rxa4 a6 39. Rb4 Re8 40. Rbd4 Rb8 41. Ra4 Rb3 42. Ke3 Re6+ 43. Kd3 Reb6 44. Kd4 Rxb2 45. Rxb2 Rxb2 46. Rxa6 Rxh2 47. Ra7+  1/2-1/2

[Event "BL 0809 Bayern München - SC Kreuzberg"]
[Site "?"]
[Date "2009.02.01"]
[Round "11.2"]
[White "Bezold, Michael"]
[Black "Luther, Thomas"]
[Result "1/2-1/2"]
[BlackElo "2532"]
[EventDate "2009.??.??"]
[PlyCount "31"]
[WhiteElo "2513"]

1. c4 e6 2. Nc3 d5 3. d4 Bb4 4. e3 Nf6 5. Ne2 O-O 6. a3 Be7 7. Nf4 c6 8. Be2 Nbd7 9. O-O dxc4 10. Bxc4 e5 11. Nfe2 exd4 12. exd4 Nb6 13. Bb3 Nbd5 14. Nf4 Bd6 15. Nfxd5 Nxd5 16. Nxd5  1/2-1/2

[Event "BL 0809 Solinger SG - SC Kreuzberg"]
[Site "?"]
[Date "2009.02.28"]
[Round "12.3"]
[White "Figura, Atila Gajo"]
[Black "Werle, Jan"]
[Result "1/2-1/2"]
[BlackElo "2582"]
[EventDate "2009.??.??"]
[PlyCount "99"]
[WhiteElo "2412"]

1. d4 Nf6 2. c4 e6 3. Nc3 Bb4 4. Qc2 O-O 5. e4 d5 6. e5 Ne4 7. Bd3 c5 8. Ne2 cxd4 9. Nxd4 Nd7 10. Bf4 Ndc5 11. O-O Bxc3 12. bxc3 Bd7 13. Be3 Qc7 14. cxd5 exd5 15. f3 Nxd3 16. Qxd3 Nc5 17. Qd2 Qxe5 18. Nc6 Bxc6 19. Bxc5 Rfe8 20. Rfe1 Qc7 21. Rxe8+ Rxe8 22. Re1 b6 23. Rxe8+ Bxe8 24. Bd4 f6 25. Qe2 Bf7 26. Qd3 Be6 27. Qb5 Kf7 28. Qd3 h6 29. Qe2 h5 30. g3 Qd7 31. Qa6 Bh3 32. Kf2 Kg6 33. Qd3+ Bf5 34. Qa6 Bc2 35. Ke3 Kf7 36. Kd2 Ba4 37. c4 Bc6 38. c5 Bb5 39. Qa3 Kg6 40. cxb6 axb6 41. Qb3 Qe8 42. Qxd5 Qe2+ 43. Kc3 Qe1+ 44. Kb3 Qd1+ 45. Kc3 Bc6 46. Qc4 Qe1+ 47. Kb2 Bxf3 48. Bxb6 Be4 49. a4 Qd2+ 50. Ka3  1/2-1/2